000 00740nam a2200241 i 4500
001 17158
003 ES-MaACL
005 20250801063019.0
007 t|
008 010108s2000 sp |||| | spa d
020 _a84-8460-020-3
080 _a329.11(460)"18"
100 1 _aSeco Serrano, Carlos,
_d1923-2020
_9105054
245 1 0 _aHistoria del conservadurismo español
_b: una línea política integradora en el siglo XIX /
_cCarlos Seco Serrano.
250 _a1ª ed.
260 _aMadrid :
_bTemas de Hoy,
_c2000.
300 _a343 p. ;
_c24 cm.
490 1 _aHistoria
650 4 _aConservadurismo-
_zEspaña-
_yS.XIX.
_911286
830 0 _aHistoria
_9177536
852 _aES-MaACL
_jL-23924
999 _c17158
_d17158